000 00452nam a2200193Ia 4500
005 20250603144612.0
008 250603s9999 xx 000 0 und d
020 _a9780333719725
050 _aTH 435 .S44/
100 _aSeeley, Ivor H.
245 0 _aBuilding quantities explained
250 _a5th ed.
260 _aUnited State
260 _bRed globe press
260 _c2019
300 _a406 p
650 _aUnited State
942 _cBK
999 _c39406
_d39406